Statistiques concernant Super Smash Bros. Ultimate: Les Final Smash

Cliquez ici pour prendre le quiz!

Statistiques générales

  • Ce quiz a été pris 7 fois
  • Le résultat moyen est 6 sur 89

Statistiques - réponses

PersonnageFinal Smash% Correct
PikachuElectacle
67%
PichuElectacle
67%
SonicSuper Sonic
50%
Captain FalconBlue Falcon
33%
BowserGiga Bowser
33%
Mr. Game & WatchOctopus
33%
ZeldaTriforce de la sagesse
33%
Bowser Jr.Antimario
17%
Dresseur de PokémonAttaque triple
17%
Pit MaléfiqueBâton maléfique
17%
MarioFinal Mario
17%
Plante PiranhaFlora Piranha
17%
GanondorfGanon
17%
Little MacGiga Mac
17%
HérosGigentaille
17%
InklingHaut-Perceur
17%
Ice ClimbersIceberg
17%
Banjo & KazooieJinjonator
17%
Samus SombreLaser phazon
17%
Samus sans armureLaser Zéro
17%
SamusLaser Zéro
17%
CloudOmnifrappe
17%
PitQuadrige foudroyant
17%
LucarioTempête Aura
17%
WarioWarioman
17%
Mii BoxeurAcharnement Final
0%
Duo Duck HuntAcolytes Zapper NES
0%
BayonettaApothéose infernale
0%
LinkArc archéonique
0%
R.O.B.Artillerie Lourde
0%
JokerAssaut Général
0%
King K. RoolBlast-O-Matic
0%
Donkey KongColère de la Jungle
0%
OlimarCrépuscule
0%
DaisyDaisy en fleurs
0%
SheikDanse Sheikah
0%
FélinfernoDark Body Press X
0%
BylethDéchire-ciel de la divine ancêtre
0%
Roi DaDiDouDéluge DaDiDou
0%
DaraenDuo
0%
LuigiEctoblast
0%
ShulkEnchainement
0%
FoxEquipe Star Fox
0%
FoxEquipe Star Fox
0%
WolfEquipe Star Wolf
0%
ChromEther de l'éveil
0%
Harmonie & LumaEtoile de puissance
0%
VillageoisFête à la maison
0%
KazuyaFinal Blaster
0%
MythraFlèche Sacrée
0%
MarthFrappe Critique
0%
LucinaFrappe Critique
0%
RoyFrappe Critique
0%
MewtwoFrappe Psy
0%
Link EnfantFrappe Triforce
0%
Link CartoonFrappe Triforce
0%
Richter BelmontGrand-croix
0%
Simon BelmontGrand-croix
0%
IkeGrand éther
0%
Mii TireurHyper Laser
0%
Meta KnightIllusion Ténébreuse
0%
KenJinraikyaku
0%
Mii EpeisteLame Finale
0%
MarieMairie de rêve
0%
SteveMaison des explosions
0%
RondoudouMégagonflage
0%
Mega ManMéga Légendes
0%
Mim-MinOffensive ARMS
0%
PeachPeach en fleurs
0%
Dr. MarioPrescription Finale
0%
LucasPsy météores
0%
NessPSY Météores
0%
RidleyRayon Plasma
0%
YoshiRuée de Yoshis
0%
CorrinRugissement torrentiel
0%
SoraSceau de Serrure
0%
RyuShinku Hadoken
0%
KenShinryuken
0%
RyuShin Shoryuken
0%
KirbySuper épée
0%
SephirothSupernova
0%
Pac-ManSuper Pac-Man
0%
Diddy KongSuper Rapido Rocket
0%
AmphinobiTechnique Secrète Ninja
0%
SnakeTir de supression
0%
PyraTranchant Ardent
0%
Terry BogardTriple Wolf
0%
PalutenaTrou noir & méga laser
0%
Entraîneuse Wii FitWii Fit
0%

Distribution des résultats

Percentile par nombre de réponses

% des personnes avec chaque résultat

Votre développement - résultats

Vous n’avez pas pris ce quiz